| Tag |
First Indicator |
Second Indicator |
Subfields |
| LEADER |
00000cam a2200000Ia 4500 |
| 001 |
in00000051932 |
| 005 |
20151007080217.0 |
| 008 |
750815s1961 nyuac b 011 0 eng d |
| 010 |
|
|
|a 61008699
|
| 019 |
|
|
|a 3489091
|
| 029 |
1 |
|
|a NLGGC
|b 84117833X
|
| 029 |
1 |
|
|a AU@
|b 000001527696
|
| 029 |
1 |
|
|a AU@
|b 000009475256
|
| 029 |
1 |
|
|a AU@
|b 000012527749
|
| 035 |
|
|
|a (OCoLC)ocm01550200
|
| 035 |
|
|
|9 AAF4423AM
|
| 035 |
|
|
|a (OCoLC)01550200
|
| 035 |
|
|
|a (OCoLC)1550200
|z (OCoLC)3489091
|
| 040 |
|
|
|a FBA
|c FBA
|d OCL
|d PGC
|d OCL
|d OCLCQ
|d SMI
|d OCLCQ
|d NLGGC
|d DRB
|d UtOrBLW
|
| 043 |
|
|
|a aw-----
|
| 049 |
|
|
|a TXAM
|
| 050 |
|
4 |
|a BS1188
|b .W7 1961
|
| 082 |
0 |
|
|a 221.6
|
| 084 |
|
|
|a 11.40
|2 bcl
|
| 245 |
0 |
4 |
|a The Bible and the ancient Near East :
|b essays in honor of William Foxwell Albright /
|c edited by G. Ernest Wright.
|
| 250 |
|
|
|a [1st ed.].
|
| 264 |
|
1 |
|a Garden City, N.Y. :
|b Doubleday,
|c 1961.
|
| 300 |
|
|
|a 409 pages :
|b illustrations, portrait ;
|c 24 cm.
|
| 336 |
|
|
|a text
|b txt
|2 rdacontent
|
| 337 |
|
|
|a unmediated
|b n
|2 rdamedia
|
| 338 |
|
|
|a volume
|b nc
|2 rdacarrier
|
| 504 |
|
|
|a Includes bibliographical references and indexes.
|
| 504 |
|
|
|a "Bibliography of W.F. Albright" : pages [363]-389.
|
| 505 |
0 |
|
|a Modern study of Old Testament literature / John Bright -- Biblical history in transition / George E. Mendenhall -- The Hebrew language in its Northwest Semitic background / William J. Moran -- The archaeology of Palestine / G. Ernest Wright -- The textual criticism of the Old Testament / Harry M. Orlinsky -- The development of the Jewish scripts / Frank M. Cross -- The chronology of Israel and the ancient Near East : Old Testament chronology / David Noel Freedman -- The ancient Near East : chronological bibliography and charts / Edward F. Campbell -- South Arabian history and archaeology / Gus W. Van Beek -- Sumerian literature, a general survey / Samuel Noah Kramer -- Formative tendencies in Sumerian religion / Thorkild Jacobsen -- Egypt : its language and literature / Thomas O. Lambdin -- Egyptian culture and religion / John A. Wilson -- Hittite and Anatolian studies / Albrecht Goetze -- Appendix I : the role of the Canaanites in the history of civilization / W.F. Albright -- Appendix II : bibliography of W.F. Albright.
|
| 630 |
0 |
0 |
|a Bible.
|p Old Testament
|x Criticism, interpretation, etc.
|
| 651 |
|
0 |
|a Middle East
|x History.
|
| 650 |
|
0 |
|a Religions
|x History.
|
| 600 |
1 |
0 |
|a Albright, William Foxwell,
|d 1891-1971.
|
| 650 |
1 |
7 |
|a Cultuurgeschiedenis.
|2 gtt
|
| 650 |
1 |
7 |
|a Oudheid.
|2 gtt
|
| 650 |
1 |
7 |
|a Bijbel.
|2 gtt
|
| 700 |
1 |
|
|a Wright, G. Ernest
|q (George Ernest),
|d 1909-1974.
|
| 994 |
|
|
|a C0
|b TXA
|
| 999 |
|
|
|a MARS
|
| 999 |
f |
f |
|s 8942018f-3636-300e-a047-9873c33f3d2b
|i 73c2ec4e-a22c-3fe5-b14e-fb52b9bba8a2
|t 0
|
| 952 |
f |
f |
|p ric
|a Texas A&M University
|b Rellis Campus
|c Joint Library Facility
|d Remote Storage
|t 0
|e BS1188 .W7 1961
|h Library of Congress classification
|i unmediated -- volume
|m A14837204959
|
| 998 |
f |
f |
|a BS1188 .W7 1961
|t 0
|l Remote Storage
|